| 000 | 00856nam a2200265Ia 4500 | ||
|---|---|---|---|
| 003 | OSt | ||
| 005 | 20220928124311.0 | ||
| 006 | a|||||r|||| 00| 0 | ||
| 007 | ta | ||
| 008 | 220927b |||||||| |||| 00| 0 eng d | ||
| 020 | _c13009.200000000001 | ||
| 024 | _a110250 | ||
| 037 |
_b220, 10/01/2011, Pioneer Book Distributors _cTextual |
||
| 040 |
_aSDCL _cSDCL _beng |
||
| 041 |
_2eng _aeng |
||
| 082 | _aX9(F55)g, P9 | ||
| 100 |
_aEvans Joanne Ed. _9464252 |
||
| 245 | 0 | _aInternational handbook on the economics of energy. | |
| 260 |
_aCheltenham _bEdward Elgar _c2009 |
||
| 300 |
_axv,831p. _ccm. |
||
| 650 |
_aBusiness Economics _9391653 |
||
| 700 |
_a Hunt Lester C Ed. _9464253 |
||
| 942 |
_hX9(F55)g, P9 _cTEXL _2CC |
||
| 999 |
_c777142 _d777142 |
||